000 00601nam a2200241Ia 4500
003 OSt
005 20221007072359.0
006 a|||||r|||| 00| 0
007 ta
008 221006b |||||||| |||| 00| 0 eng d
024 _a24,968
037 _cTextual
040 _aFLL
_cFLL
_beng
041 _2eng
_aeng
082 _aZ3;21, H9
100 _aMegarry R. E.
245 0 _aLaw of real property
250 _a3rd
260 _aLondon
_bStevens & Sons UK
_c1949
300 _axxxvi,572,26p
_ccm.
942 _hZ3;21, H9
_cTEXL
_2CC
999 _c1145912
_d1145912